000
002710000a22000970004500
100
1
_a
Wagner, C. Pedro (Peter)
245
1
0
_a
The targets for strategy
300
_a
Vol. 2, Núm 2 (1985), Páginas 181-192
773
0
_t
International Journal of Frontier Misions
942
_c
ANA
999
_c
55106
_d
55106